Úprava zabezpečenia pohľadávky zamestnávateľa ručením

Podstata právneho vzťahu ručenia v pracovnom práve. Zabezpečenie pohľadávky zamestnávateľa ručením. Ilustračné príklady.

Salvato in:
Dettagli Bibliografici
Autore principale: Hrtánek, Ladislav
Natura: Capitolo di libro
Lingua:slovacco
Soggetti:
Tags: Aggiungi Tag
Nessun Tag, puoi essere il primo ad aggiungerne!!

MARC

LEADER 00000naa a2200000 4500
001 0258271
005 20190918065906.4
041 0 |a slo 
044 |a SK 
245 1 0 |a Úprava zabezpečenia pohľadávky zamestnávateľa ručením  |c Ladislav Hrtánek 
520 |a Podstata právneho vzťahu ručenia v pracovnom práve. Zabezpečenie pohľadávky zamestnávateľa ručením. Ilustračné príklady. 
610 2 0 |a ručenie 
610 2 0 |a ručitelia 
610 2 0 |a pohľadávky 
610 2 0 |a zamestnávatelia 
610 2 0 |a právo pracovné 
610 2 0 |a vzťahy pracovnoprávne 
100 1 |a Hrtánek, Ladislav